000
00219nam a2200121Ia 4500
100
_a
#N/A
942
_c
BK
654
_a
vedeo
245
_a
Blender Video Tutorial
260
_b
#N/A
546
_a
ENGLISH
999
_c
25791
_d
25791